| 000 | 00377 a2200169 4500 | ||
|---|---|---|---|
| 001 | 184197 | ||
| 020 | _a85-08-08075-1 | ||
| 040 | _cMagnum | ||
| 100 | _aPellegrini, Domingos | ||
| 240 | 1 | 0 |
_aA árvore que dava dinheiro _lpor |
| 245 | 1 | 0 | _aA árvore que dava dinheiro |
| 300 | _a94 | ||
| 362 | 0 | _a1983 | |
| 440 | 1 | _aModerna | |
| 697 | _aLITERATURA JUVENIL | ||
| 942 | _cBK | ||
| 999 |
_c184197 _d184197 |
||